000 00351nmm a2200133Ia 4500
008 251105s9999||||xx |||||||||||||||||und||
041 _acat
100 _aValls, Coia
245 0 _aEthèria
264 _a[Madrid, España] :
_bEdiciones B,
_c2016
300 _a424 páginas
856 _uhttps://public.digitaliapublishing.com/a/53725
942 _cCF
999 _c106173
_d106173